Obscure Characters: Harry Potter or LOTR? Quiz Stats

 Plays Quiz Updated Jan 6, 2016

Challenge
Share
Tweet
Embed
Score 0/60 Timer 04:00
24 Plays Today
Character H or L? % Correct
Ghân-buri-Ghân???
92.5%
Penelope Clearwater???
91.1%
Marvolo Gaunt???
91%
Ignotus Peverell???
90.6%
Prince Imrahil???
90.4%
Romilda Vane???
90.3%
Pigwidgeon???
90.2%
Crookshanks???
90.1%
Nagini???
90%
Millicent Bulstrode???
90%
Gabrielle Delacour???
89.9%
Dáin Ironfoot???
89.8%
Gamling the Old???
89.6%
Dedalus Diggle???
89.5%
Farmer Maggot???
89.1%
Bandobras 'Bullroarer' Took???
89%
Arabella Figg???
88.9%
Witch King of Angmar???
88.6%
Newt Scamander???
88.5%
Helm Hammerhand???
88.5%
Griphook???
88.2%
Aurora Sinistra???
87.7%
Gildor Inglorien???
87.6%
Alecto Carrow???
87.6%
Elanor Gamgee???
87.6%
Fenrir Greyback???
87.2%
Firenze???
87.1%
Eorl the Young???
86.9%
Armando Dippet???
86.9%
Old Man Willow???
86.4%
Character H or L? % Correct
Tom Bombadil???
86%
Meneldor the Swift???
85.8%
Goldberry???
85.8%
Gormadoc Brandybuck???
85.3%
Augustus Rookwood???
85.1%
Marietta Edgecombe???
85%
Beedle the Bard???
84.4%
Florean Fortescue???
83.9%
Folco Boffin???
82.9%
Errol???
82.5%
Forlong the Fat???
82.1%
Robin Smallburrow???
82.1%
Fredegar 'Fatty' Bolger???
82%
Rosie Cotton???
81.3%
Quickbeam???
80.5%
Fatty Lumpkin???
80%
Sir Cadogan???
80%
Odo Proudfoot???
79.9%
Nob???
79.7%
Will Whitfoot???
79.7%
Piers Polkiss???
79.5%
Caractacus Burke???
77.7%
Ted Sandyman???
76.5%
Griselda Marchbanks???
76.4%
Hob Hayward???
74.9%
Barliman Butterbur???
74.8%
Bill Ferny???
72.4%
Barnabas the Barmy???
64.9%
Wilkie Twycross???
63.1%
Boris the Bewildered???
54.8%

You're not logged in!

Compare scores with friends on all Sporcle quizzes.
OR
Log In

You Might Also Like...

Show Comments

Extras

Top Quizzes Today


Score Distribution

Your Account Isn't Verified!

In order to create a playlist on Sporcle, you need to verify the email address you used during registration. Go to your Sporcle Settings to finish the process.

Report this User

Report this user for behavior that violates our Community Guidelines.

Details: